ბათუმის შოთა რუსთაველის სახელმწიფო უნივერსიტეტის ბიბლიოთეკა

Античные государства Северного Причерноморья / (ბიბ.ჩანაწერი № 60889)

000 -LEADER
fixed length control field 01080nam a22002057a 4500
005 - DATE AND TIME OF LATEST TRANSACTION
control field 20231115104130.0
008 - FIXED-LENGTH DATA ELEMENTS--GENERAL INFORMATION
fixed length control field 231115s1984 ru ||||| |||| 00| 0 rus d
041 ## - LANGUAGE CODE
Language code of text/sound track or separate title rus
080 ## - UNIVERSAL DECIMAL CLASSIFICATION NUMBER
Universal Decimal Classification number 902.6(477.7) A-72
245 ## - TITLE STATEMENT
Title Античные государства Северного Причерноморья /
Statement of responsibility, etc. Отв.ред. Г.А. Кошеленко, И.Т. Кругликова, В.С. Долгоруков.
264 ## - PRODUCTION, PUBLICATION, DISTRIBUTION, MANUFACTURE, AND COPYRIGHT NOTICE
Place of production, publication, distribution, manufacture Москва :
Name of producer, publisher, distributor, manufacturer Наука,
Date of production, publication, distribution, manufacture, or copyright notice 1984.
300 ## - PHYSICAL DESCRIPTION
Extent 392 с.:
Other physical details ил.;
Dimensions 30 см.
440 ## - SERIES STATEMENT/ADDED ENTRY--TITLE
Title Археология СССР
9 (RLIN) 20381
653 ## - INDEX TERM--UNCONTROLLED
keyword არქეოლოგია
653 ## - INDEX TERM--UNCONTROLLED
keyword ჩრდილოეთ შავი ზღვის რეგიონის უძველესი სახელმწიფოები
700 ## - ADDED ENTRY--PERSONAL NAME
Personal name Кошеленко Геннадий Андреевич
Relator term რედაქტორი
9 (RLIN) 20382
700 ## - ADDED ENTRY--PERSONAL NAME
Personal name Кругликова Ирина Тимофеевна
Relator term რედაქტორი
9 (RLIN) 20383
700 ## - ADDED ENTRY--PERSONAL NAME
Personal name Долгоруков, В.С.
Relator term რედაქტორი
9 (RLIN) 20384
942 ## - ADDED ENTRY ELEMENTS (KOHA)
Source of classification or shelving scheme
Koha item type წიგნი
ეგზემპლარები
Withdrawn status Lost status Source of classification or shelving scheme Damaged status Not for loan Permanent Location Current Location Shelving location Date acquired Cost, normal purchase price Full call number Barcode Date last seen Copy number Uniform Resource Identifier Price effective from Koha item type Public note
          ბათუმის შოთა რუსთაველის სახელმწიფო უნივერსიტეტის მთავარი ბიბლიოთეკა ბათუმის შოთა რუსთაველის სახელმწიფო უნივერსიტეტის მთავარი ბიბლიოთეკა წიგნსაცავი 2023-11-15 12.00 902.6(477.7) A-72 65450 2023-11-15 65450 ბსუ-ს საპატიო დოქტორის გურამ ლორთქიფანიძის საჩუქარი 2023-11-15 წიგნი 12 ლ.